[Event "41st Olympiad Women 2014"]
[Site "Tromso NOR"]
[Date "2014.08.11"]
[Round "9.34"]
[Board "2"]
[White "Oliveira, Maria Ines"]
[Black "Mezioud, Amina"]
[Result "1/2-1/2"]
[WhiteTitle "WCM"]
[BlackTitle "WIM"]
[WhiteElo "1890"]
[BlackElo "2052"]
[WhiteTeam "Portugal"]
[BlackTeam "Algeria"]
[WhiteFideId "1909436"]
[BlackFideId "7900970"]
[EventDate "2014.08.02"]

1. e4 d6 2. d4 Nf6 3. Nc3 c6 4. f4 Qa5 5. Bd3 e5 6. Nf3 Bg4 7. dxe5 dxe5 8. fxe5
Nfd7 9. Bf4 Bb4 10. O-O Bxc3 11. bxc3 Qxc3 12. h3 Bxf3 13. Qxf3 O-O 14. Rab1 b6
15. Qg3 Re8 16. Qf3 Qc5+ 17. Kh1 Qf8 18. Bc4 b5 19. Bb3 Nc5 20. e6 fxe6 21. Qd1
Rd8 22. Qg4 Qe8 23. Be5 Qg6 24. Qh4 Nbd7 25. Rbd1 Re8 26. Bb2 Rad8 27. Rf4 h5
28. Rf3 Nxe4 29. Rfd3 Qf7 30. Qxe4 Nc5 31. Qe2 Nxd3 32. Rxd3 Rxd3 33. cxd3 Qf5
34. Bd4 a5 35. Qe4 Qxe4 36. dxe4 a4 37. Bc2 e5 38. Be3 Kf7 39. Kg1 Ke6 40. Kf2
Kd6 41. Ke2 c5 42. Kd3 Kc6 43. Kc3 Rd8 44. Kb2 Rd6 45. h4 Kb6 46. Kc3 Rc6 47.
Bd3 Ka5 48. Bc2 Rc8 49. Bb1 g6 50. Bc2 Kb6 51. Bb1 Rf8 52. Bd3 Kc6 53. Be2 Ra8
54. Bd3 1/2-1/2

[Event "41st Olympiad Women 2014"]
[Site "Tromso NOR"]
[Date "2014.08.11"]
[Round "9.34"]
[Board "3"]
[White "Latreche, Sabrina"]
[Black "Monteiro, Sara Cristina da Silva"]
[Result "1-0"]
[WhiteTitle "WIM"]
[BlackTitle "WCM"]
[WhiteElo "1972"]
[BlackElo "1781"]
[WhiteTeam "Algeria"]
[BlackTeam "Portugal"]
[WhiteFideId "7901798"]
[BlackFideId "1909860"]
[EventDate "2014.08.02"]

1. e4 d5 2. exd5 Qxd5 3. Nc3 Qa5 4. Nf3 Nf6 5. d4 c6 6. Ne5 Bf5 7. Bc4 e6 8. O-O
Nbd7 9. Bf4 Be7 10. Re1 Nb6 11. Bb3 O-O 12. Qe2 Nbd5 13. Nxd5 Nxd5 14. Bd2 Qc7
15. c4 Nb6 16. Bf4 Qd8 17. Rad1 Bg5 18. Bg3 Bh4 19. Qf3 Bxg3 20. Qxg3 Qf6 21. c5
Nd5 22. Nd7 Qg6 23. Qxg6 Bxg6 24. Nxf8 Kxf8 25. Bxd5 cxd5 26. Rc1 Rc8 27. Re3
Ke7 28. Rec3 Kd7 29. b4 b5 1-0

[Event "41st Olympiad Women 2014"]
[Site "Tromso NOR"]
[Date "2014.08.11"]
[Round "9.34"]
[Board "4"]
[White "Jorge, Rita Maria Osorio"]
[Black "Toubal, Hayat"]
[Result "1/2-1/2"]
[BlackTitle "WIM"]
[WhiteElo "1693"]
[BlackElo "1938"]
[WhiteTeam "Portugal"]
[BlackTeam "Algeria"]
[WhiteFideId "1923161"]
[BlackFideId "7901631"]
[EventDate "2014.08.02"]

1. e4 c6 2. d4 d5 3. e5 Bf5 4. Nf3 e6 5. Be2 Nd7 6. O-O Ne7 7. Nbd2 Qc7 8. Nb3
c5 9. c4 dxc4 10. Bxc4 cxd4 11. Bb5 Rd8 12. Qxd4 a6 13. Bxd7+ Rxd7 14. Qa4 Nc6
15. Bf4 Qc8 16. Nbd2 b5 17. Qb3 Rd3 18. Qd1 Bb4 19. Rc1 Qd7 20. Qe2 O-O 21. a3
Bxd2 22. Bxd2 Rd5 23. Rfe1 Bg4 24. Bc3 Rd8 25. h3 Bh5 26. Qe4 Bg6 27. Qf4 h6 28.
Nd2 a5 29. b4 axb4 30. axb4 Nd4 31. Ne4 Bh5 32. Qg3 Kh8 33. Qe3 Nf5 34. Qb6 Qe8
35. g4 Rb8 36. Qa7 Ra8 37. Qb6 Rb8 38. Qa7 Ra8 39. Qb6 Rb8 40. Qa6 Ra8 41. Qb7
Rb8 42. Qa6 Ra8 43. Qb7 1/2-1/2

[Event "41st Olympiad Women 2014"]
[Site "Tromso NOR"]
[Date "2014.08.11"]
[Round "9.35"]
[Board "1"]
[White "Cordero, Daniela"]
[Black "Abarca Gonzalez, Damaris"]
[Result "0-1"]
[WhiteTitle "WIM"]
[BlackTitle "WFM"]
[WhiteElo "2010"]
[BlackElo "2049"]
[WhiteTeam "Bolivia"]
[BlackTeam "Chile"]
[WhiteFideId "3301630"]
[BlackFideId "3409414"]
[EventDate "2014.08.02"]

1. d4 d5 2. Nf3 Nf6 3. c4 c6 4. Qc2 dxc4 5. Qxc4 Bf5 6. Qb3 Qb6 7. Nbd2 e6 8. e3
Nbd7 9. Be2 h6 10. O-O Be7 11. Qd1 O-O 12. Nc4 Qc7 13. a3 Rad8 14. b4 Nb6 15.
Qb3 Nxc4 16. Qxc4 Bd6 17. Bb2 Nd7 18. Qc3 Nf6 19. h3 Qe7 20. Rfd1 Ne4 21. Qb3
Bb8 22. Bd3 Ng5 23. Nxg5 Qxg5 24. Kf1 Bxd3+ 25. Rxd3 Rd7 26. Rad1 Rfd8 27. a4 a6
28. Qc2 Qf5 29. Qe2 Qd5 30. e4 Qc4 31. Rc1 Qxb4 32. d5 exd5 33. exd5 cxd5 34.
Rd4 Qe7 35. Qd3 Be5 36. Ba3 Qg5 37. Rg4 Qf6 38. a5 Bb2 39. Bxb2 Qxb2 40. Rb1 Qe5
41. Qd2 Re8 42. Kg1 Re6 43. Rgb4 Ree7 44. Rg4 Kh7 45. Qd3+ g6 46. Rd1 d4 47.
Rxd4 Rxd4 48. Qxd4 Qxa5 49. Qf6 Re1+ 50. Rxe1 Qxe1+ 51. Kh2 Qe6 0-1

[Event "41st Olympiad Women 2014"]
[Site "Tromso NOR"]
[Date "2014.08.11"]
[Round "9.35"]
[Board "2"]
[White "Jorquera Cabello, Valentina"]
[Black "Estrada, Lucia"]
[Result "1-0"]
[WhiteTitle "WIM"]
[BlackTitle "WIM"]
[WhiteElo "1999"]
[BlackElo "1974"]
[WhiteTeam "Chile"]
[BlackTeam "Bolivia"]
[WhiteFideId "3405494"]
[BlackFideId "3301923"]
[EventDate "2014.08.02"]

1. e4 e6 2. d4 d5 3. exd5 exd5 4. c4 c6 5. Nc3 Nf6 6. Nf3 h6 7. Bd3 Bd6 8. h3
O-O 9. O-O Nbd7 10. Re1 Re8 11. Rxe8+ Qxe8 12. cxd5 cxd5 13. Bc2 Nb6 14. Qd3 Bd7
15. Bd2 Qc8 16. Ne5 Qc7 17. Qg3 Kf8 18. Bf4 Ne8 19. Re1 a6 20. Bh7 Be6 21. Ng6+
fxg6 22. Bxd6+ Qxd6 23. Qxd6+ Nxd6 24. Rxe6 Rd8 25. Bxg6 Ndc8 26. b3 Kg8 27. Re5
Kf8 28. Re6 Kg8 29. f4 Nd7 30. f5 Nf6 31. Re5 Kf8 32. Ne2 Rd7 33. Nf4 Ne7 34.
Ne6+ Kg8 35. Nc5 Rc7 36. Re6 Nc6 37. Nxb7 Nxd4 38. Rxa6 Kf8 39. Nd8 Rc1+ 40. Kf2
Ne4+ 41. Ke3 Nc2+ 42. Kf4 Nb4 43. Ra7 Nd3+ 44. Ke3 Ndc5 45. Ne6+ Nxe6 46. fxe6
Re1+ 47. Kd4 Nf6 48. e7+ Rxe7 49. Ra8+ Ne8 50. Rxe8+ 1-0

[Event "41st Olympiad Women 2014"]
[Site "Tromso NOR"]
[Date "2014.08.11"]
[Round "9.35"]
[Board "3"]
[White "Prado, Alexandra"]
[Black "Reyes Jara, Paula"]
[Result "1-0"]
[BlackTitle "WFM"]
[WhiteElo "1831"]
[BlackElo "2041"]
[WhiteTeam "Bolivia"]
[BlackTeam "Chile"]
[WhiteFideId "3301346"]
[BlackFideId "3403920"]
[EventDate "2014.08.02"]

1. e4 e5 2. Nf3 Nc6 3. d4 exd4 4. Nxd4 Nf6 5. Nxc6 bxc6 6. e5 Ne4 7. Bc4 d5 8.
exd6 Nxd6 9. Bd3 Be7 10. O-O O-O 11. Nc3 Rb8 12. Qh5 g6 13. Qa5 Bf6 14. Bh6 Re8
15. Rab1 Nf5 16. Bf4 Nd6 17. Qxa7 Bb7 18. Qc5 Qd7 19. a4 Qg4 20. Bg3 Bd4 21. h3
Bxc5 22. hxg4 Bc8 23. Bxd6 cxd6 24. Ne4 Re5 25. Nxc5 Rxc5 26. b4 Rc3 27. f3 Ra3
28. a5 Kf8 29. Kf2 Ke7 30. Rh1 Be6 31. a6 Ba2 32. Rb2 Bd5 33. Rxh7 c5 34. Bxg6
Rxa6 35. Bf5 cxb4 36. g5 Rab6 37. g6 Kf6 38. g4 fxg6 39. Rh6 Rg8 40. Bd3 Kg5 41.
Rh7 Rf8 42. Be2 Be6 43. Kg3 Bd5 44. Ra7 Rc8 45. f4+ 1-0

[Event "41st Olympiad Women 2014"]
[Site "Tromso NOR"]
[Date "2014.08.11"]
[Round "9.36"]
[Board "1"]
[White "Mwango, Lorita"]
[Black "Zepeda, Lorena"]
[Result "1-0"]
[WhiteTitle "WFM"]
[BlackTitle "WIM"]
[WhiteElo "1874"]
[BlackElo "2158"]
[WhiteTeam "Zambia"]
[BlackTeam "El Salvador"]
[WhiteFideId "8700478"]
[BlackFideId "6700233"]
[EventDate "2014.08.02"]

1. c4 Nf6 2. Nc3 g6 3. d4 Bg7 4. e4 d6 5. Nf3 O-O 6. Be2 e5 7. dxe5 dxe5 8. Bg5
Nbd7 9. O-O h6 10. Bh4 c6 11. Qc2 Qe8 12. Rad1 Nh7 13. Rd6 f6 14. Rfd1 Nc5 15.
b4 Ne6 16. c5 Rf7 17. Bc4 Nhf8 18. Qb3 Kh7 19. Ne2 Re7 20. h3 b6 21. cxb6 axb6
22. b5 Nc5 23. Qb1 g5 24. Bg3 cxb5 25. Bxb5 Qg6 26. Rxb6 Qxe4 27. Qc1 Nfd7 28.
Nc3 Qf5 29. Rbd6 Rb8 30. Nd5 Rf7 31. Bc4 Ne4 32. Ne3 Qg6 33. Bxf7 Qxf7 34. Qc2
f5 35. Rc6 Qf8 36. Bh2 Kh8 37. Nc4 Bb7 38. Rc7 Ndc5 39. Nfxe5 Qe8 40. f3 Nf6 41.
Rxc5 Bf8 42. Rc7 Nd5 43. Rf7 1-0

[Event "41st Olympiad Women 2014"]
[Site "Tromso NOR"]
[Date "2014.08.11"]
[Round "9.36"]
[Board "2"]
[White "Sanchez, Ingrid"]
[Black "Mbatha, Constance"]
[Result "1-0"]
[WhiteTitle "WFM"]
[WhiteElo "2020"]
[BlackElo "1677"]
[WhiteTeam "El Salvador"]
[BlackTeam "Zambia"]
[WhiteFideId "6700217"]
[BlackFideId "8700591"]
[EventDate "2014.08.02"]

1. e4 e5 2. Nf3 Nc6 3. Bb5 d6 4. O-O Bd7 5. c3 a6 6. Ba4 Nf6 7. Re1 Be7 8. d4
O-O 9. Bg5 h6 10. Bh4 Rc8 11. d5 Na7 12. Bxd7 Qxd7 13. c4 c5 14. dxc6 Rxc6 15.
b3 Rd8 16. a4 b5 17. axb5 axb5 18. Nbd2 Qc7 19. Qe2 bxc4 20. bxc4 Rb8 21. h3 Nc8
22. Nh2 Rb2 23. Nhf1 Nb6 24. Rec1 Kh7 25. Qd3 g5 26. Bg3 Nbd7 27. Ne3 Nc5 28.
Qc3 Rcb6 29. Nd5 Nxd5 30. cxd5 Qb8 31. Qf3 Kg7 32. Nc4 R6b3 33. Qf5 Rb1 34. Nxe5
Bf6 35. Nc6 Qb6 36. e5 Rxc1+ 37. Rxc1 dxe5 38. Bxe5 Bxe5 39. Qxe5+ Kg8 40. Ne7+
Kh7 41. Nf5 Qg6 42. Rxc5 Rb8 43. Qxb8 Qxf5 44. Qc7 Qf6 45. d6 h5 46. d7 1-0

[Event "41st Olympiad Women 2014"]
[Site "Tromso NOR"]
[Date "2014.08.11"]
[Round "9.36"]
[Board "4"]
[White "Garcia, Alcira"]
[Black "Saina, Yvonne"]
[Result "1-0"]
[WhiteElo "1692"]
[BlackElo "1752"]
[WhiteTeam "El Salvador"]
[BlackTeam "Zambia"]
[WhiteFideId "6702945"]
[BlackFideId "8700702"]
[EventDate "2014.08.02"]

1. e4 c5 2. Nf3 d6 3. d4 cxd4 4. Nxd4 Nf6 5. Nc3 a6 6. f4 e6 7. Be2 Be7 8. Be3
Nbd7 9. O-O Nc5 10. Bf3 O-O 11. a4 Qc7 12. Qe1 Rb8 13. Qg3 b6 14. e5 Nfd7 15.
Nc6 Bd8 16. Nxb8 Qxb8 17. f5 Nxe5 18. Bh6 Bf6 19. b4 Nb7 20. Ne4 Nxf3+ 21. Rxf3
Bxa1 22. Bxg7 Bxg7 23. f6 1-0

[Event "41st Olympiad Women 2014"]
[Site "Tromso NOR"]
[Date "2014.08.11"]
[Round "9.37"]
[Board "1"]
[White "Richards, Deborah"]
[Black "Pulpan, Oana"]
[Result "1-0"]
[WhiteTitle "WIM"]
[BlackTitle "WFM"]
[WhiteElo "2024"]
[BlackElo "1846"]
[WhiteTeam "Jamaica"]
[BlackTeam "Malta"]
[WhiteFideId "7400446"]
[BlackFideId "5600502"]
[EventDate "2014.08.02"]

1. d4 f5 2. Nf3 Nf6 3. g3 g6 4. Bg2 Bg7 5. c4 d6 6. Nc3 O-O 7. O-O a5 8. Rb1 Na6
9. b3 Qe8 10. d5 Bd7 11. Bb2 e5 12. dxe6 Bc6 13. Nd5 Qxe6 14. Nd4 Qd7 15. a3 Nc5
16. b4 axb4 17. axb4 Nce4 18. Bxe4 Nxe4 19. Nxc7 Qxc7 20. Ne6 Qf7 21. Nxg7 Nf6
22. b5 Bd7 23. Qxd6 Qxg7 24. Rfd1 Rad8 25. Qb6 Qf7 26. Rd3 f4 27. Rbd1 1-0

[Event "41st Olympiad Women 2014"]
[Site "Tromso NOR"]
[Date "2014.08.11"]
[Round "9.37"]
[Board "2"]
[White "Aguilar, Filipina"]
[Black "Miller, Rachel"]
[Result "1-0"]
[WhiteTitle "WCM"]
[BlackTitle "WFM"]
[WhiteElo "1820"]
[BlackElo "1782"]
[WhiteTeam "Malta"]
[BlackTeam "Jamaica"]
[WhiteFideId "5600464"]
[BlackFideId "7401302"]
[EventDate "2014.08.02"]

1. d4 Nf6 2. c4 c5 3. d5 b5 4. Qc2 Na6 5. Bd2 bxc4 6. e4 Nc7 7. Bxc4 d6 8. Nc3
g6 9. h3 Bg7 10. f4 O-O 11. Nf3 e6 12. O-O exd5 13. exd5 Bf5 14. Bd3 Bxd3 15.
Qxd3 Qb8 16. Rfe1 Qb7 17. Re7 Nfxd5 18. Qe4 Qxb2 19. Rb1 Nxc3 20. Bxc3 Qxc3 21.
Rxc7 Qa5 22. Rbb7 Qxa2 23. Ng5 Rae8 24. Qc6 Qa1+ 25. Kh2 Qd4 26. Rxf7 Bh6 27.
Qd7 Rd8 28. Rxf8+ Rxf8 29. Qxh7# 1-0

[Event "41st Olympiad Women 2014"]
[Site "Tromso NOR"]
[Date "2014.08.11"]
[Round "9.37"]
[Board "4"]
[White "Axiaq, Ariana"]
[Black "Smith, Annesha"]
[Result "0-1"]
[WhiteElo "1346"]
[BlackElo "1768"]
[WhiteTeam "Malta"]
[BlackTeam "Jamaica"]
[WhiteFideId "5601703"]
[BlackFideId "7400683"]
[EventDate "2014.08.02"]

1. e4 c5 2. Nf3 Nc6 3. d3 e6 4. g3 g6 5. Bg2 Bg7 6. O-O Nge7 7. Nbd2 d5 8. Re1
O-O 9. h4 Qc7 10. Nh2 b6 11. Ndf1 d4 12. g4 e5 13. Ng3 Rb8 14. h5 h6 15. Rf1 g5
16. Bd2 b5 17. b3 b4 18. a4 bxa3 19. Rxa3 Be6 20. Qa1 Ra8 21. f3 Nb4 22. Rc1 Qb6
23. Ngf1 a5 24. Kh1 Ra6 25. Be1 Rfa8 26. Nd2 Qc6 27. Nc4 a4 28. Nf1 axb3 0-1

[Event "41st Olympiad Women 2014"]
[Site "Tromso NOR"]
[Date "2014.08.11"]
[Round "9.38"]
[Board "1"]
[White "Dahdal, Lougain"]
[Black "Chung, Mathilde"]
[Result "1-0"]
[WhiteTitle "WIM"]
[BlackTitle "WCM"]
[WhiteElo "1973"]
[BlackElo "1981"]
[WhiteTeam "Jordan"]
[BlackTeam "Monaco"]
[WhiteFideId "8102880"]
[BlackFideId "676446"]
[EventDate "2014.08.02"]

1. d4 d5 2. c4 e6 3. Nc3 Nf6 4. cxd5 exd5 5. Bg5 Nbd7 6. e3 c6 7. Bd3 Be7 8. Qc2
O-O 9. Nf3 Re8 10. h3 h6 11. Bf4 c5 12. O-O c4 13. Be2 a6 14. a4 Nf8 15. b3 cxb3
16. Qxb3 Ne6 17. Be5 Kh8 18. Rfc1 Bd6 19. Rc2 Bxe5 20. Nxe5 Kg8 21. Bf3 Nc7 22.
Rac1 Bf5 23. Rb2 Rb8 24. a5 Qd6 25. Na4 Nb5 26. Nb6 Red8 27. Be2 Nc7 28. Na4 Ne6
29. Qb6 Qe7 30. Qb4 Qe8 31. Nb6 Ne4 32. Nd3 f6 33. Qb3 Qg6 34. Nxd5 Kh8 35. Ne7
Qh7 36. Nxf5 Qxf5 37. Bf3 N4g5 38. Bg4 Qe4 39. Bxe6 Nxe6 40. Nc5 Nxc5 41. Rxc5
Rdc8 42. Rbc2 Rxc5 43. Rxc5 Qe7 44. Qc4 b5 45. axb6 Rxb6 46. Rc8+ Kh7 47. Qc2+
f5 48. Qxf5+ g6 49. Qc5 Qxc5 50. Rxc5 Kg7 51. Rc7+ Kf6 52. Ra7 Rb1+ 53. Kh2 Ra1
54. Kg3 a5 55. Kf4 g5+ 56. Ke4 a4 57. Ra6+ Ke7 58. Rxh6 1-0

[Event "41st Olympiad Women 2014"]
[Site "Tromso NOR"]
[Date "2014.08.11"]
[Round "9.38"]
[Board "2"]
[White "Levacic, Melissa"]
[Black "Fuad Kamel Jamaliah, Natalie"]
[Result "1-0"]
[BlackTitle "WIM"]
[WhiteElo "1994"]
[BlackElo "2003"]
[WhiteTeam "Monaco"]
[BlackTeam "Jordan"]
[WhiteFideId "633747"]
[BlackFideId "724190"]
[EventDate "2014.08.02"]

1. e4 c5 2. Nc3 e6 3. Nge2 d5 4. exd5 exd5 5. d4 Be6 6. g3 Qb6 7. Be3 c4 8. Bg2
Bb4 9. O-O Bxc3 10. Nxc3 Qc6 11. Qe2 Nf6 12. Bg5 O-O 13. Bxf6 gxf6 14. Qf3 Rd8
15. Qxf6 Nd7 16. Qg5+ Kh8 17. Rad1 Rg8 18. Qf4 Rg4 19. Qf3 Rg5 20. Qe3 Rag8 21.
f4 Rh5 22. f5 Bxf5 23. Nxd5 Bh3 24. Bxh3 Rxh3 25. Nf4 Qh6 26. Rd2 Rh5 27. Re2
Rf5 28. Qe4 Rfg5 29. Rf3 Nf6 30. Qe7 Ng4 31. Qxf7 R5g7 32. Qf5 Qc6 33. Qd5 Qh6
34. Qe6 Nf6 35. Ng2 Re8 36. Qxc4 Reg8 37. Ref2 Ng4 38. Nf4 Nxf2 39. Rxf2 Rg4 40.
d5 R4g7 41. Qd4 Qb6 42. Qe5 Rf8 43. Kg2 Kg8 44. Re2 Rgf7 45. c4 Rf5 46. Qe6+
Qxe6 47. Rxe6 Kf7 48. b4 Rc8 49. Re4 b6 50. Kf3 Rd8 51. g4 Rf6 52. g5 Rfd6 53.
a4 a6 54. Ke3 R6d7 55. Kd4 Rb8 56. Nd3 Kg7 57. Ne5 Rd6 58. Nc6 Rc8 59. Ne7 Rf8
60. c5 bxc5+ 61. bxc5 Rd7 62. c6 Rc7 63. d6 Ra7 64. c7 Raa8 65. d7 1-0

[Event "41st Olympiad Women 2014"]
[Site "Tromso NOR"]
[Date "2014.08.11"]
[Round "9.38"]
[Board "3"]
[White "Alattar, Ghayda M."]
[Black "Grillon, Charline"]
[Result "1-0"]
[WhiteTitle "WFM"]
[WhiteElo "1950"]
[BlackElo "1734"]
[WhiteTeam "Jordan"]
[BlackTeam "Monaco"]
[WhiteFideId "8101531"]
[BlackFideId "1301047"]
[EventDate "2014.08.02"]

1. d4 d5 2. Nc3 Nf6 3. Bg5 Nbd7 4. e3 g6 5. Bd3 Bg7 6. f4 O-O 7. Nf3 c5 8. O-O
a6 9. a4 Qb6 10. Qd2 Qc6 11. Ne5 Nxe5 12. fxe5 Ne4 13. Bxe4 dxe4 14. Bxe7 cxd4
15. exd4 Re8 16. Bf6 Bf5 17. Rxf5 e3 18. Qe1 Qd7 19. Rf4 Bxf6 20. exf6 g5 21.
Qg3 h6 22. h4 e2 23. hxg5 h5 24. Re1 Kh8 25. Qh4 Qe6 26. Qxh5+ Kg8 27. Rh4 Qe3+
28. Kh1 1-0

[Event "41st Olympiad Women 2014"]
[Site "Tromso NOR"]
[Date "2014.08.11"]
[Round "9.38"]
[Board "4"]
[White "Lomandong, Noela-Joyce"]
[Black "Boshra, Alshaeby"]
[Result "1/2-1/2"]
[BlackTitle "WFM"]
[WhiteElo "1616"]
[BlackElo "1947"]
[WhiteTeam "Monaco"]
[BlackTeam "Jordan"]
[WhiteFideId "5400384"]
[BlackFideId "8102937"]
[EventDate "2014.08.02"]

1. e4 g6 2. Nc3 Bg7 3. f4 d6 4. Nf3 Nf6 5. d4 O-O 6. Bd3 Nbd7 7. Ne2 c5 8. c3 c4
9. Bc2 b5 10. O-O Bb7 11. Ng3 a5 12. Qe1 Qb6 13. Kh1 b4 14. f5 Rac8 15. Bd2 e5
16. dxe5 dxe5 17. cxb4 c3 18. bxc3 axb4 19. Rb1 Ba6 20. Rg1 Ng4 21. h3 Nf2+ 22.
Kh2 Nf6 23. Rxb4 N6g4+ 24. hxg4 Nxg4+ 25. Kh1 Nf2+ 26. Kh2 Ng4+ 27. Kh1 Nf2+ 28.
Kh2 Ng4+ 29. Kh1 Nf2+ 1/2-1/2

[Event "41st Olympiad Women 2014"]
[Site "Tromso NOR"]
[Date "2014.08.11"]
[Round "9.39"]
[Board "1"]
[White "Biryukov, Alice"]
[Black "Frick, Denise"]
[Result "0-1"]
[BlackTitle "WIM"]
[WhiteElo "1941"]
[BlackElo "1892"]
[WhiteTeam "Luxembourg"]
[BlackTeam "South Africa"]
[WhiteFideId "4002440"]
[BlackFideId "14300818"]
[EventDate "2014.08.02"]

1. e4 e6 2. b3 d5 3. Bb2 Nf6 4. e5 Nfd7 5. c4 dxc4 6. bxc4 c5 7. f4 Nc6 8. Nf3
Be7 9. Be2 O-O 10. O-O f6 11. Qc2 f5 12. Nc3 h6 13. Kh1 g5 14. g3 g4 15. Ne1 b6
16. Kg1 Nd4 17. Qd1 Nxe2+ 18. Qxe2 a6 19. a4 Bb7 20. Rf2 Kh7 21. h3 gxh3 22. Qh5
Kg7 23. Rh2 Rh8 24. Qxh3 Qe8 25. Kf2 h5 26. Nf3 Nf8 27. Rg1 Ng6 28. Nh4 Qd7 29.
Ke1 Qd4 30. Qf1 Rad8 31. Nd1 Qe4+ 32. Re2 Qxc4 33. Ne3 Qxa4 34. Nxg6 Kxg6 35.
Qh3 Qe4 36. g4 hxg4 37. Qg3 Bh4 0-1

[Event "41st Olympiad Women 2014"]
[Site "Tromso NOR"]
[Date "2014.08.11"]
[Round "9.39"]
[Board "2"]
[White "Solomons, Anzel"]
[Black "Kremer, Nadine"]
[Result "1-0"]
[WhiteTitle "WIM"]
[WhiteElo "1840"]
[BlackElo "1844"]
[WhiteTeam "South Africa"]
[BlackTeam "Luxembourg"]
[WhiteFideId "14300800"]
[BlackFideId "4002970"]
[EventDate "2014.08.02"]

1. d4 Nf6 2. c4 g6 3. Nc3 Bg7 4. e4 d6 5. h3 O-O 6. Bg5 h6 7. Be3 Nbd7 8. Bd3 e5
9. d5 Nh5 10. Nge2 g5 11. O-O Nf4 12. Bc2 Nf6 13. Ng3 Nh7 14. Nf5 Kh8 15. c5 Rg8
16. Kh2 a6 17. cxd6 cxd6 18. Na4 b5 19. Nb6 Rb8 20. Nxc8 Rxc8 21. a4 b4 22. a5
Nf6 23. g3 Ng6 24. Bb6 Qf8 25. Bd3 Ra8 26. Qa4 Qb8 27. Qxb4 Bf8 28. Rac1 Ne8 29.
Rc6 Ne7 30. Nxe7 Bxe7 31. Rfc1 Rg6 32. Qc3 Nf6 33. Rc8+ Qxc8 34. Qxc8+ Rxc8 35.
Rxc8+ Kg7 36. Bxa6 Nxe4 37. Bd3 f5 38. Bxe4 fxe4 39. a6 1-0

[Event "41st Olympiad Women 2014"]
[Site "Tromso NOR"]
[Date "2014.08.11"]
[Round "9.39"]
[Board "3"]
[White "Bakalarz, Grazyna"]
[Black "Tlale, Tshepang"]
[Result "1/2-1/2"]
[WhiteTitle "WFM"]
[BlackTitle "WIM"]
[WhiteElo "1972"]
[BlackElo "1798"]
[WhiteTeam "Luxembourg"]
[BlackTeam "South Africa"]
[WhiteFideId "4000730"]
[BlackFideId "14304503"]
[EventDate "2014.08.02"]

1. d4 d5 2. Bf4 Nf6 3. e3 e6 4. Nf3 Be7 5. h3 O-O 6. Bd3 b6 7. Qe2 Bb7 8. Nbd2
c5 9. c3 Nc6 10. Ne5 Bd6 11. Ndf3 Qc7 12. O-O Ne4 13. Rad1 f6 14. Nxc6 Bxc6 15.
Bxd6 Qxd6 16. dxc5 Nxc5 17. Bc2 Qe7 18. Nd4 Bd7 19. c4 dxc4 20. Qxc4 Rac8 21.
Nf5 Qd8 22. Nd6 Rc7 23. b4 Na4 24. Qd3 g6 25. Rd2 Qe7 26. Bb3 Kh8 27. Rfd1 Nc3
28. Re1 Na4 29. Qa6 Nc3 30. Qd3 Na4 31. a3 Nc3 32. Rc2 Nd5 33. Rxc7 Nxc7 34. Ne4
Kg7 35. Rd1 Bc6 36. Nc3 Re8 37. b5 Bd5 38. Bxd5 Nxd5 39. Nxd5 exd5 40. Qxd5 Qxa3
41. Qc6 Re7 1/2-1/2

[Event "41st Olympiad Women 2014"]
[Site "Tromso NOR"]
[Date "2014.08.11"]
[Round "9.39"]
[Board "4"]
[White "Van Niekerk, Robyn Julian"]
[Black "Blond Hanten, Elsa"]
[Result "1/2-1/2"]
[WhiteElo "1627"]
[BlackElo "1441"]
[WhiteTeam "South Africa"]
[BlackTeam "Luxembourg"]
[WhiteFideId "14305020"]
[BlackFideId "4001516"]
[EventDate "2014.08.02"]

1. d4 g6 2. c4 Bg7 3. Nc3 d6 4. g3 Nf6 5. Bg2 O-O 6. Nf3 Nbd7 7. O-O e5 8. e4 a6
9. Qc2 exd4 10. Nxd4 Re8 11. Rd1 Rb8 12. h3 Ne5 13. b3 c5 14. Nde2 b5 15. f4
Ned7 16. cxb5 axb5 17. Bb2 Qb6 18. Kh2 Bb7 19. Qd3 b4 20. Na4 Qa6 21. Qxa6 Bxa6
22. Ng1 Nxe4 23. Bxg7 Kxg7 24. Bxe4 Rxe4 25. Rxd6 Bb5 26. Nb2 Nf6 27. Nd1 Re1
28. Nf3 Rf1 29. Ne5 Ne4 30. Rd5 Be2 31. Kg2 Rc8 32. Rc1 Nf2 33. Rd2 Rxd1 34.
Rcxd1 Nxd1 35. Rxe2 Nc3 36. Rc2 Ra8 37. Nd3 Rxa2 38. Rxa2 Nxa2 39. Nxc5 Nc1 40.
Kf2 Kf6 41. Ke3 Ke7 42. Nd3 Nxb3 43. Nxb4 Ke6 1/2-1/2

[Event "41st Olympiad Women 2014"]
[Site "Tromso NOR"]
[Date "2014.08.11"]
[Round "9.40"]
[Board "1"]
[White "Stojkovska, Monika"]
[Black "Goossens, Hanne"]
[Result "0-1"]
[WhiteTitle "WFM"]
[BlackTitle "WFM"]
[WhiteElo "2027"]
[BlackElo "2178"]
[WhiteTeam "FYROM"]
[BlackTeam "Belgium"]
[WhiteFideId "15002594"]
[BlackFideId "200468"]
[EventDate "2014.08.02"]

1. e4 c5 2. Nf3 d6 3. d4 cxd4 4. Nxd4 Nf6 5. Nc3 g6 6. Be3 Bg7 7. f3 O-O 8. Qd2
Nc6 9. Bc4 Bd7 10. O-O-O Rc8 11. Bb3 Ne5 12. h4 h5 13. Bg5 Rc5 14. Kb1 b5 15. g4
hxg4 16. h5 Nxh5 17. Nd5 Rxd5 18. Bxd5 gxf3 19. Nf5 Bxf5 20. exf5 Nc4 21. Qh2
Be5 22. Qh3 Kg7 23. Bxc4 bxc4 24. Qxf3 Rh8 25. fxg6 fxg6 26. Qd5 Qb6 27. b3 cxb3
28. cxb3 Qf2 29. Bd2 Qf5+ 0-1

[Event "41st Olympiad Women 2014"]
[Site "Tromso NOR"]
[Date "2014.08.11"]
[Round "9.40"]
[Board "2"]
[White "Morozova, Iuliia"]
[Black "Bejatovic, Bojana"]
[Result "1-0"]
[WhiteTitle "WFM"]
[WhiteElo "2060"]
[BlackElo "1980"]
[WhiteTeam "Belgium"]
[BlackTeam "FYROM"]
[WhiteFideId "14104946"]
[BlackFideId "15000141"]
[EventDate "2014.08.02"]

1. d4 f5 2. c4 Nf6 3. Nc3 g6 4. Qc2 d6 5. e4 Nc6 6. d5 Nd4 7. Qd1 c5 8. Nf3
Nxf3+ 9. gxf3 e5 10. dxe6 Bxe6 11. Qb3 Qd7 12. Bg5 Bg7 13. O-O-O Qc6 14. Nb5 Rd8
15. Nxa7 Qa6 16. Nb5 Rd7 17. Rxd6 Qa5 18. Rxe6+ Kf7 19. Rd6 Rhd8 20. Bd2 Bh6 21.
Bxh6 Rxd6 22. Nxd6+ Rxd6 23. Bh3 Rb6 24. Qa3 Qxa3 25. bxa3 fxe4 26. fxe4 Nxe4
27. Be3 Rf6 28. Rf1 b6 29. Kc2 Nd6 30. Kb3 Kg7 31. a4 Rf8 32. Rd1 Ne4 33. Rd7+
Kf6 34. Bg2 Ke6 35. Bh3+ Kf6 36. Rb7 Rd8 37. Rxb6+ Kg7 38. Rb7+ Kf6 39. Kc2 Re8
40. Rb6+ Kg7 41. Re6 1-0